| 000 | 00425nam a2200181Ia 4500 | ||
|---|---|---|---|
| 001 | 16834 | ||
| 005 | 20260306170340.0 | ||
| 008 | 260306t2003||||xx |||||||||||||| ||und|| | ||
| 041 | _aESP | ||
| 082 |
_a657.042 _bE41 T. 1 |
||
| 100 |
_aLópez, Arturo Elizondo _eAUT |
||
| 245 | 0 | _aContabilidad básica | |
| 260 | _c2003 | ||
| 300 |
_a386 páginas : _ccm. |
||
| 650 | _aGEN | ||
| 654 | _aCCO | ||
| 942 |
_cLIB _dJUS _fJUS _2ddc _n |
||
| 999 |
_c16834 _d16834 |
||